000
00341pab a2200145 454500
008
180718b1995 xxu||||| |||| 00| 0 eng d
245
_a
FOCUS
_b
trade unions.
260
_c
1995
300
_a
p.586-633
362
_a
Jan-Mar
650
_a
Labour unions - India
650
_a
Trade unions - India
773
_a
Productivity
909
_a
28837
999
_c
28837
_d
28837